| 000 | 00763nas a2200241 4500 | ||
|---|---|---|---|
| 001 | BR9205621 | ||
| 003 | BR-BrBNA | ||
| 005 | 20231205092853.0 | ||
| 007 | ta | ||
| 008 | 230509b bl.|||p| |||| 00| 00por d | ||
| 040 |
_aBR-BrBNA _bpor _cBiblioteca Nacional de Agricultura |
||
| 041 | _a(Pt) | ||
| 072 | _aH20 | ||
| 100 | 1 | _aMonteiro, M.S.R. | |
| 100 | 1 | _aCosta, C.P. da | |
| 245 | 1 | _aComportamento de cultivares de feijao vagem (Phaseolus vulgaris L.), em condicoes de campo a ferrugem (Uromyces phaseoli typica Arth.) | |
| 650 | _aFEIJAO | ||
| 650 | _aFERRUGEM | ||
| 650 | _aVARIEDADE RESISTENTE | ||
| 773 | 0 |
_tRevista de Olericultura (Brazil) _x _g(1975), (no. 15) p. 11 _wBR9205621 |
|
| 909 |
_a202311 _bLúcia _c55 _dLúcia Elande |
||
| 942 |
_2AGRIS _n0 _cANA |
||
| 999 |
_c134778 _d134778 |
||